00697nam a2200157Ia 4500008004100000024005600041082001800097100006000115245004600175260002500221600002700246650003300273856010700306952010900413999001700522250506s9999 xx 000 0 und d a09B-120-EE, 10B-141-EE, 10B-155-EE & 10B-160-EE a629.83072 SEH aSehrish karim, Hammad Sharif, Abdul Manan & Malik Fahad 0aAccess Control Gate Identification System aKarachi:bUIT,c2010 aElectronic Engineering aBachelor of Engineering (BE) uhttps://drive.google.com/file/d/1QIOpha7kIMOZPlklFcy9bHZHLuRgzoDo/view?usp=sharingyClick here for PDF 001040708PR-EEaUITUbUITUd2022-07-26l0o629.83072 SEHpEE-327r2025-05-06 11:34:16w2025-05-06yPR c28077d28077